Migration and Assimilation Society Economy Politics of Assam (Record no. 4707)

MARC details
000 -LEADER
fixed length control field 00530cam a2200205ua 4500
001 - CONTROL NUMBER
control field 5545
005 - DATE AND TIME OF LATEST TRANSACTION
control field 20260515113913.0
008 - FIXED-LENGTH DATA ELEMENTS--GENERAL INFORMATION
fixed length control field 131004n ii |||gr||||Z||||||eng
020 ## - INTERNATIONAL STANDARD BOOK NUMBER
International Standard Book Number 178-81-89654-19-1
040 ## - CATALOGING SOURCE
Transcribing agency MAIN
082 ## - DEWEY DECIMAL CLASSIFICATION NUMBER
Classification number 304.8
245 11 - TITLE STATEMENT
Title Migration and Assimilation Society Economy Politics of Assam
250 ## - EDITION STATEMENT
Edition statement 1st ed.
260 ## - PUBLICATION, DISTRIBUTION, ETC.
Place of publication, distribution, etc. Jorhat:
Name of publisher, distributor, etc. Daanish Books,
Date of publication, distribution, etc. 2009.
300 ## - PHYSICAL DESCRIPTION
Extent x,200p.
653 ## - INDEX TERM--UNCONTROLLED
Uncontrolled term Sociology
653 ## - INDEX TERM--UNCONTROLLED
Uncontrolled term Migration and Assimilation
700 1# - ADDED ENTRY--PERSONAL NAME
Personal name Sharma,Devabrata,
Relator term Editor.
942 ## - ADDED ENTRY ELEMENTS (KOHA)
Koha item type Books
Holdings
Withdrawn status Lost status Damaged status Not for loan Home library Current library Shelving location Date acquired Total checkouts Full call number Barcode Date last seen Copy number Price effective from Koha item type
        Naharkatiya College Library Naharkatiya College Library General stacks 09/19/2020   304.8 | MIG 20191 09/19/2020 1 09/19/2020 Books